header

Engaging minds in English language arts classrooms : (Record no. 98917)

MARC details
000 -LEADER
fixed length control field 01809nam a2200409 i 4500
001 - CONTROL NUMBER
control field ebr10848797
003 - CONTROL NUMBER IDENTIFIER
control field CaPaEBR
006 - FIXED-LENGTH DATA ELEMENTS--ADDITIONAL MATERIAL CHARACTERISTICS--GENERAL INFORMATION
fixed length control field m o d
007 - PHYSICAL DESCRIPTION FIXED FIELD--GENERAL INFORMATION
fixed length control field cr cn|||||||||
008 - FIXED-LENGTH DATA ELEMENTS--GENERAL INFORMATION
fixed length control field 140327t20142014vau ob 001 0 eng d
020 ## - INTERNATIONAL STANDARD BOOK NUMBER
Cancelled/invalid ISBN 9781416617259
International Standard Book Number 9781416618072 (e-book)
040 ## - CATALOGING SOURCE
Original cataloging agency CaPaEBR
Language of cataloging eng
Description conventions rda
-- pn
Transcribing agency CaPaEBR
035 ## - SYSTEM CONTROL NUMBER
System control number (OCoLC)874029818
050 14 - LIBRARY OF CONGRESS CALL NUMBER
Classification number LB1576
Item number .F733 2014eb
082 04 - DEWEY DECIMAL CLASSIFICATION NUMBER
Classification number 372.6
Edition number 23
100 1# - MAIN ENTRY--PERSONAL NAME
Personal name Fresch, Mary Jo,
Dates associated with a name 1952-
Relator term author.
245 10 - TITLE STATEMENT
Title Engaging minds in English language arts classrooms :
Remainder of title the surprising power of joy /
Statement of responsibility, etc Mary Jo Fresch ; Michael F. Opitz and Michael P. Ford, editors.
264 #1 - PRODUCTION, PUBLICATION, DISTRIBUTION, MANUFACTURE, AND COPYRIGHT NOTICE
Place of production, publication, distribution, manufacture Alexandria, Virginia :
Name of producer, publisher, distributor, manufacturer ASCD,
Date of production, publication, distribution, manufacture, or copyright notice 2014.
Date of production, publication, distribution, manufacture, or copyright notice �2014
300 ## - PHYSICAL DESCRIPTION
Extent 1 online resource (67 pages)
336 ## - CONTENT TYPE
Content type term text
Source rdacontent
337 ## - MEDIA TYPE
Media type term computer
Source rdamedia
338 ## - CARRIER TYPE
Carrier type term online resource
Source rdacarrier
504 ## - BIBLIOGRAPHY, ETC. NOTE
Bibliography, etc Includes bibliographical references and index.
588 ## - SOURCE OF DESCRIPTION NOTE
Source of description note Description based on print version record.
590 ## - LOCAL NOTE (RLIN)
Local note Electronic reproduction. Palo Alto, Calif. : ebrary, 2014. Available via World Wide Web. Access may be limited to ebrary affiliated libraries.
650 #0 - SUBJECT ADDED ENTRY--TOPICAL TERM
Topical term or geographic name as entry element Language arts
General subdivision Psychological aspects.
Topical term or geographic name as entry element Motivation in education.
Topical term or geographic name as entry element Effective teaching.
655 #0 - INDEX TERM--GENRE/FORM
Genre/form data or focus term Electronic books.
700 1# - ADDED ENTRY--PERSONAL NAME
Personal name Opitz, Michael F.,
Relator term editor of compilation.
Personal name Ford, Michael P.,
Relator term editor of compilation.
776 08 - ADDITIONAL PHYSICAL FORM ENTRY
Display text Print version:
Main entry heading Fresch, Mary Jo, 1952-
Title Engaging minds in English language arts classrooms : the surprising power of joy.
Place, publisher, and date of publication Alexandria, Virginia : ASCD, c2014
Physical description 57 pages
International Standard Book Number 9781416617259
Record control number 2013041447
797 2# - LOCAL ADDED ENTRY--CORPORATE NAME (RLIN)
Corporate name or jurisdiction name as entry element ebrary.
856 40 - ELECTRONIC LOCATION AND ACCESS
Uniform Resource Identifier <a href="http://site.ebrary.com/lib/rucke/Doc?id=10848797">http://site.ebrary.com/lib/rucke/Doc?id=10848797</a>
Public note An electronic book accessible through the World Wide Web; click to view

No items available.

© 2026 Rongo University
Contact us: librarian | system librarian | Rongo university